| 000 | 01003cam a22003615i 4500 | ||
|---|---|---|---|
| 001 | |||
| 003 | OSt | ||
| 005 | 20220107122804.0 | ||
| 008 | 140826s2014 nyu 000 0 eng | ||
| 010 | _a | ||
| 020 | _a9783319112268 | ||
| 040 |
_a _b _cIIITMK _e _d |
||
| 042 | _a | ||
| 082 | _a006.3 BUY/I | ||
| 100 |
_aBuyya, Rajkumar (Ed.) _97615 |
||
| 245 | 0 | 0 |
_aIntelligent distributed computing _cedited by Rajkumar Buyya, Sabu M. Thampi. |
| 250 | _a | ||
| 260 |
_aSwitzerland, _bSpringer, _c2015. |
||
| 263 | _a | ||
| 300 | _axxi, 300p. | ||
| 490 | 0 |
_aAdvances in intelligent systems and computing; _v321 |
|
| 650 |
_aINTELLIGENT COMPUTING _97616 |
||
| 650 |
_aINTELLIGENT SYSTEMS _97617 |
||
| 650 |
_aINTELLIGENT INFORMATICS _97618 |
||
| 650 |
_aARTIFICIAL INTELLIGENCE _97619 |
||
| 650 |
_aDISTRIBUTED COMPUTING _97621 |
||
| 650 |
_aCOMPUTATIONAL INTELLIGENCE _97622 |
||
| 700 |
_aThampi, Sabu M. (Ed.) _97620 |
||
| 856 | 4 | 2 | _3 |
| 856 | 4 | 1 | _3 |
| 942 |
_2ddc _cBK |
||
| 999 |
_c4802 _d4802 |
||